000 00302nas a2200121Ia 4500
008 150201s2012 xx 000 0 und d
245 _aIndian Journal of Frensic Medicine & Toxicology
260 _c2012
310 _aHalf Yearly
500 _aNATIONAL
650 _aForensic Medicine
942 _2ddc
_cLJ
999 _c6213
_d6213